MARC details
| 000 -LEADER |
| fixed length control field |
02673cam a22004098i 4500 |
| 001 - CONTROL NUMBER |
| control field |
946610652 |
| 003 - CONTROL NUMBER IDENTIFIER |
| control field |
OCoLC |
| 005 - DATE AND TIME OF LATEST TRANSACTION |
| control field |
20250116140156.0 |
| 008 - FIXED-LENGTH DATA ELEMENTS--GENERAL INFORMATION |
| fixed length control field |
160331t20162014miub b 001 0beng |
| 010 ## - LIBRARY OF CONGRESS CONTROL NUMBER |
| LC control number |
2016015243 |
| 020 ## - INTERNATIONAL STANDARD BOOK NUMBER |
| International Standard Book Number |
9780802871534 |
| Qualifying information |
(paperback) |
| 020 ## - INTERNATIONAL STANDARD BOOK NUMBER |
| International Standard Book Number |
0802871534 |
| Qualifying information |
(paperback) |
| 035 ## - SYSTEM CONTROL NUMBER |
| System control number |
(OCoLC)946610652 |
| 040 ## - CATALOGING SOURCE |
| Original cataloging agency |
DLC |
| Language of cataloging |
eng |
| Description conventions |
rda |
| Transcribing agency |
DLC |
| Modifying agency |
OCLCO |
| -- |
BTCTA |
| -- |
BDX |
| -- |
OCLCF |
| -- |
WIO |
| -- |
LNT |
| -- |
YDX |
| -- |
IK2 |
| -- |
NDS |
| 041 1# - LANGUAGE CODE |
| Language code of text/sound track or separate title |
eng |
| Language code of original |
ger |
| 042 ## - AUTHENTICATION CODE |
| Authentication code |
pcc |
| 050 00 - LIBRARY OF CONGRESS CALL NUMBER |
| Classification number |
BR325 |
| Item number |
.K37713 2016 |
| 082 00 - DEWEY DECIMAL CLASSIFICATION NUMBER |
| Classification number |
284.1092 |
| -- |
B |
| Edition information |
23 |
| Item number |
KAU |
| 100 1# - MAIN ENTRY--PERSONAL NAME |
| Personal name |
Kaufmann, Thomas, |
| Authority record control number or standard number |
https://id.loc.gov/authorities/names/n93052662 |
| Relator term |
author. |
| 240 10 - UNIFORM TITLE |
| Uniform title |
Martin Luther. |
| Language of a work |
English |
| Authority record control number or standard number |
https://id.loc.gov/authorities/names/n2016017532 |
| 245 12 - TITLE STATEMENT |
| Title |
A short life of Martin Luther / |
| Statement of responsibility, etc. |
Thomas Kaufmann ; translated by Peter D.S. Krey and James D. Bratt. |
| 264 #1 - PRODUCTION, PUBLICATION, DISTRIBUTION, MANUFACTURE, AND COPYRIGHT NOTICE |
| Place of production, publication, distribution, manufacture |
Grand Rapids, Michigan : |
| Name of producer, publisher, distributor, manufacturer |
Wm. B. Eerdmans Publishing Company, |
| Date of production, publication, distribution, manufacture, or copyright notice |
2016. |
| 264 #4 - PRODUCTION, PUBLICATION, DISTRIBUTION, MANUFACTURE, AND COPYRIGHT NOTICE |
| Date of production, publication, distribution, manufacture, or copyright notice |
©2014. |
| 300 ## - PHYSICAL DESCRIPTION |
| Extent |
xi, 146 pages : |
| Other physical details |
map ; |
| Dimensions |
20 cm. |
| 336 ## - CONTENT TYPE |
| Content type term |
text |
| Content type code |
txt |
| Source |
rdacontent |
| 337 ## - MEDIA TYPE |
| Media type term |
unmediated |
| Media type code |
n |
| Source |
rdamedia |
| 338 ## - CARRIER TYPE |
| Carrier type term |
volume |
| Carrier type code |
nc |
| Source |
rdacarrier |
| 490 0# - SERIES STATEMENT |
| Series statement |
Reformation resources, 1517-2017. |
| 504 ## - BIBLIOGRAPHY, ETC. NOTE |
| Bibliography, etc. note |
Includes bibliographical references (pages 137-144) and index. |
| 505 0# - FORMATTED CONTENTS NOTE |
| Formatted contents note |
The search for Martin Luther -- Living in the reformation of God -- A theological life. |
| 520 ## - SUMMARY, ETC. |
| Summary, etc. |
Martin Luther, the Augustinian friar who set the Protestant Reformation in motion with his famous Ninety-Five Theses, was a man of extremes on many fronts. He was both hated and honored, both reviled as a heretic and lauded as a kind of second Christ. He was both a quiet, solitary reader and interpreter of the Bible and the first media-star of history, using the printing press to reach many of his contemporaries and become the most-read theologian of the sixteenth century. Thomas Kaufmann's biography highlights the two conflicting "natures" of Martin Luther, depicting Luther's earthiness as well as his soaring theological contributions, his flaws as well as his greatness. Exploring the close correlation between Luther's Reformation theology and his historical context, A Short Life of Martin Luther serves as an introduction to the life and thought of the most important figure in the Protestant Reformation. |
| 600 10 - SUBJECT ADDED ENTRY--PERSONAL NAME |
| Personal name |
Luther, Martin, |
| Dates associated with a name |
1483-1546. |
| Authority record control number or standard number |
https://id.loc.gov/authorities/names/n79089628 |
| 655 #7 - INDEX TERM--GENRE/FORM |
| Genre/form data or focus term |
Biographies. |
| Source of term |
lcgft |
| Authority record control number or standard number |
https://id.loc.gov/authorities/genreForms/gf2014026049 |
| 700 1# - ADDED ENTRY--PERSONAL NAME |
| Personal name |
Krey, Peter D. S., |
| Authority record control number or standard number |
https://id.loc.gov/authorities/names/n2006067466 |
| Relator term |
translator. |
| 700 1# - ADDED ENTRY--PERSONAL NAME |
| Personal name |
Bratt, James D., |
| Dates associated with a name |
1949- |
| Authority record control number or standard number |
https://id.loc.gov/authorities/names/n84104154 |
| Relator term |
translator. |
| 942 ## - ADDED ENTRY ELEMENTS (KOHA) |
| Source of classification or shelving scheme |
Dewey Decimal Classification |
| Koha item type |
Books |
| Suppress in OPAC |
No |